000 00321nam a2200133Ia 4500
008 151213s9999 xx 000 0 und d
100 _aAngus Calder
245 _aByron
_cAngus Calder
260 _aNew Delhi
_bViva Books Private
_c2003
300 _a1864 p.
650 _aEnglish
700 _aAngus Calder
999 _c1369
_d1369